000 00662nam a2200277Ia 4500
005 20260324140720.0
008 008 260324s9999 xx 000 0 eng d
020 _a9781003572824
037 _aEBOOK
040 _aCRL
040 _beng
040 _cCRL
041 _2eng
041 _aeng
084 _qCRL
100 _aM Mahfouf; D. A. Linkens
_91205457
245 0 _aGeneralized Predictive Control And Bioengineering
260 _bTaylor and Francis
260 _c1998
365 _a
365 _b135
856 _uhttp://www.taylorfrancis.com/books/9781003572824
942 _cEBOOK
999 _c1807804
_d1807804